Hrozba deflácie a netradičné nástroje menovej politiky Európskej centrálnej banky v pokrízovom období

Skúmanie úlohy Európskej centrálnej banky (ECB) v zabezpečení cenovej a finančnej stability v eurozóne. Chápanie cenovej stability a analýza reakcie ECB na hrozbu deflačných tlakov v eurozóne v posledných rokoch.

Salvato in:
Dettagli Bibliografici
Autore principale: Gonda, Vladimír
Natura: Capitolo di libro
Lingua:slovacco
Soggetti:
Tags: Aggiungi Tag
Nessun Tag, puoi essere il primo ad aggiungerne!!

MARC

LEADER 00000naa$a2200000$$$4500
001 0260902
005 20240712110008.3
041 0 |a slo 
044 |a SK 
245 1 0 |a Hrozba deflácie a netradičné nástroje menovej politiky Európskej centrálnej banky v pokrízovom období  |c Vladimír Gonda 
520 |a Skúmanie úlohy Európskej centrálnej banky (ECB) v zabezpečení cenovej a finančnej stability v eurozóne. Chápanie cenovej stability a analýza reakcie ECB na hrozbu deflačných tlakov v eurozóne v posledných rokoch. 
610 2 0 |a politika menová 
610 2 0 |a sadzby úrokové 
610 2 0 |a banky centrálne 
100 1 |a Gonda, Vladimír